Statistiques concernant Tapez le plus rapidement possible (#1)

Cliquez ici pour prendre le quiz!

Statistiques générales

  • Ce quiz a été pris 451 fois
  • Le résultat moyen est 19 sur 26

Statistiques - réponses

Lettres à taperLettres% Correct
jj
100%
tt
99%
kk
98%
zz
98%
ff
97%
xx
97%
bb
96%
qq
95%
gg
93%
uu
91%
rr
90%
aa
87%
ee
85%
ll
76%
ww
72%
ss
69%
hh
64%
pp
58%
cc
54%
oo
52%
yy
45%
mm
40%
vv
36%
dd
34%
ii
30%
nn
29%

Distribution des résultats

Percentile par nombre de réponses

% des personnes avec chaque résultat

Votre développement - résultats

Vous n’avez pas pris ce quiz